El agua para la vida/
Articular algunos pensamientos sobre el agua a las puertas del siglo XXI es una tarea importante y exigente, porque lleva a una búsqueda profundamente física y espiritual que se ha ido abandonando, y que, por lo tanto, se hace necesario retomar y traer a nuestros tiempos. Esta comprensión actual del...
সংরক্ষণ করুন:
| প্রধান লেখক: | |
|---|---|
| বিন্যাস: | পাঠ্য |
| ভাষা: | Spanish |
| বিষয়গুলি: | |
| ট্যাগগুলো: |
ট্যাগ যুক্ত করুন
কোনো ট্যাগ নেই, প্রথমজন হিসাবে ট্যাগ করুন!
|
MARC
| LEADER | 00000 a a2200000 04500 | ||
|---|---|---|---|
| 003 | cru IIS | ||
| 005 | 20220324062533.0 | ||
| 008 | 220323b |||||||| |||| 00| 0 spa d | ||
| 040 | |c cru IIS | ||
| 100 | 1 | |a Otzoy, José Antonio |e Autor |9 10337 | |
| 245 | 1 | 3 | |a El agua para la vida/ |c José Antonio Otzoy |
| 300 | |a páginas 131-140 | ||
| 520 | |a Articular algunos pensamientos sobre el agua a las puertas del siglo XXI es una tarea importante y exigente, porque lleva a una búsqueda profundamente física y espiritual que se ha ido abandonando, y que, por lo tanto, se hace necesario retomar y traer a nuestros tiempos. Esta comprensión actual del valor del agua, permite fomentar una cosmovisión integral de la vida y del mundo en que vivimos. Se expone, que nos corresponde a nosotros crear un mundo diferente para el mañana. | ||
| 650 | |a AGUA | ||
| 650 | 0 | |a RELIGION |9 2795 | |
| 650 | 0 | |a CULTURA |9 126 | |
| 773 | 0 | |0 44156 |9 6784 |d San José, Costa Rica: Universidad Bíblica Latinoamericana |o 03266 |t Vida y Pensamiento / |x 10196366 | |
| 942 | |2 ddc |c PP | ||
| 999 | |c 44157 |d 44157 | ||
